Sherlock Holmes toàn tập Tập 3
Sherlock Holmes hiện lên qua lời kể của cộng sự thân thiết và người viết tiểu sử tận tụy - bác sĩ Watson như một chân dung độc đáo, là chuyên gia số một trong lĩnh vực điều tra hình sự và khoa học suy luận. Trong sự nghiệp truy lùng tội p...
محفوظ في:
| المؤلف الرئيسي: | |
|---|---|
| مؤلفون آخرون: | , , |
| التنسيق: | كتاب |
| اللغة: | Vietnamese |
| منشور في: |
H.
Văn học
2017
|
| الطبعة: | Tái bản lần thứ 2 |
| الموضوعات: | |
| الوسوم: |
إضافة وسم
لا توجد وسوم, كن أول من يضع وسما على هذه التسجيلة!
|
| Thư viện lưu trữ: | Thư viện Trường Đại học Nam Cần Thơ |
|---|
| LEADER | 01899nam a22002537a 4500 | ||
|---|---|---|---|
| 001 | NCT_76913 | ||
| 008 | 200314b xxu||||| |||| 00| 0 vie d | ||
| 999 | |c 3749 |d 3749 | ||
| 020 | |a 9786046979296 |c 350000 | ||
| 082 | 0 | 4 | |2 23rd ed. |a 823 |b D754/T.3 |
| 100 | 1 | |a Doyle, Arthur Conan | |
| 245 | 1 | 0 | |a Sherlock Holmes toàn tập |n Tập 3 |c Arthur Conan Doyle; Đăng Thư, Lê Quang Toản, Thiên Nga (Dịch) |
| 250 | |a Tái bản lần thứ 2 | ||
| 260 | |a H. |b Văn học |c 2017 | ||
| 300 | |a 596 tr. |b Minh họa |c 24cm | ||
| 520 | 3 | |a Sherlock Holmes hiện lên qua lời kể của cộng sự thân thiết và người viết tiểu sử tận tụy - bác sĩ Watson như một chân dung độc đáo, là chuyên gia số một trong lĩnh vực điều tra hình sự và khoa học suy luận. Trong sự nghiệp truy lùng tội phạm, vị thám tử đại tài từng trải qua nhiều thử thách gay cấn, thậm chí đã một lần chết đi sống lại, nhưng cũng chính nhờ đó, Holmes trở thành một nhân vật bất tử, được độc giả khắp thế giới yêu mến vì tài trí và chất nghệ sĩ, vì cả những nhược điểm lẫn cá tính lập dị. | |
| 653 | |a Tham khảo | ||
| 700 | 0 | |a Đăng Thư |e Dịch | |
| 700 | 1 | |a Lê Quang Toản |e Dịch | |
| 700 | 0 | |a Thiên Nga |e Dịch | |
| 942 | |2 ddc |c BK | ||
| 952 | |0 0 |1 0 |2 ddc |4 0 |6 823_000000000000000_D754_T_3 |7 0 |9 19119 |a 000001 |b 000001 |d 2020-03-14 |o 823 D754/T.3 |p TK.01992 |r 2020-03-14 |v 350000.00 |w 2020-03-14 |y BK | ||
| 952 | |0 0 |1 0 |2 ddc |4 0 |6 823_000000000000000_D754_T_3 |7 0 |9 19120 |a 000001 |b 000001 |d 2020-03-14 |o 823 D754/T.3 |p TK.01993 |r 2020-03-14 |v 350000.00 |w 2020-03-14 |y BK | ||
| 980 | |a Thư viện Trường Đại học Nam Cần Thơ | ||


